01277nam a2200325Ia 4500001001200000003000800012006001900020007001500039008004100054010001700095020003900112040002100151035002100172050002700193245011800220260004700338300001700385504005100402533015200453650001900605650003300624650003200657655002900689700002400718700002900742700002000771710001700791856012600808999001700934ebr10348479CaPaEBRm u cr cn|||||||||090303s2009 ctu sb 001 0 eng d z 2009007811 z9780300088755 (cloth : alk. paper) aCaPaEBRcCaPaEBR a(OCoLC)59324762014aNX456.5.F8bF87 2009eb00aFuturismh[electronic resource] :ban anthology /cedited by Lawrence Rainey, Christine Poggi, and Laura Wittman. aNew Haven :bYale University Press,c2009. axiii, 604 p. aIncludes bibliographical references and index. aElectronic reproduction.bPalo Alto, Calif. :cebrary,d2010.nAvailable via World Wide Web.nAccess may be limited to ebrary affiliated libraries. 0aFuturism (Art) 0aFuturism (Literary movement) 0aArts, Moderny20th century. 7aElectronic books.2local1 aRainey, Lawrence S.1 aPoggi, Christine,d1953-1 aWittman, Laura.2 aebrary, Inc.40uhttp://site.ebrary.com/lib/rucke/Doc?id=10348479zAn electronic book accessible through the World Wide Web; click to view c31686d31686